Többet kézzel, mintsem géppel A szegediek együttműködnek az NDK-beli hangszeresekkel /

Elmentve itt :
Bibliográfiai részletek
Szerző: Ács S. Sándor
Dokumentumtípus: Cikk
Megjelent: 1976-09-12
Sorozat:Délmagyarország 66 No. 216
Kulcsszavak:Hangszergyár
Online Access:http://dmarchiv.bibl.u-szeged.hu/107377
LEADER 00516nab a2200157 i 4500
001 delm107377
005 20190503094616.0
008 190503s1976 hu o 0|| hun d
040 |a SZTE Délmagyarország Archívum  |b hun 
041 |a hun 
100 2 |a Ács S. Sándor 
245 1 0 |a Többet kézzel, mintsem géppel   |h [elektronikus dokumentum] :  |b A szegediek együttműködnek az NDK-beli hangszeresekkel /  |c  Ács S. Sándor 
260 |c 1976-09-12 
300 |a 4 
490 0 |a Délmagyarország  |v 66 No. 216 
695 |a Hangszergyár